Normal view MARC view

Entry Personal Name

Number of records used in: 1

001 - CONTROL NUMBER

  • control field: 55506

003 - CONTROL NUMBER IDENTIFIER

  • control field: OSt

005 - DATE AND TIME OF LATEST TRANSACTION

  • control field: 20250722110043.0

008 - FIXED-LENGTH DATA ELEMENTS

  • fixed length control field: 250722|| aca||aabn | a|a d

040 ## - CATALOGING SOURCE

  • Original cataloging agency: OSt
  • Transcribing agency: OSt

100 ## - HEADING--PERSONAL NAME

  • Personal name: Flynn, Alexandra

670 ## - SOURCE DATA FOUND

  • Source citation: Work cat.: (OSt): Flynn, Alexandra , Social control and homeless encampments: Shifting the role of shelters through judicial review

Powered by Koha